| 000 | 00486nam a22001697a 4500 | ||
|---|---|---|---|
| 003 | NUST - PNEC | ||
| 005 | 20170116181105.0 | ||
| 008 | 151003b xxu||||| |||| 00| 0 eng d | ||
| 020 | _a9971909847 | ||
| 040 | _cLIBRARY | ||
| 082 | _a641.563 HAR | ||
| 100 |
_912618 _a Hart, F. Dudley |
||
| 245 |
_aOvercoming arthritis : a guide to coping with stiff or aching joints _c Hart, F. Dudley |
||
| 260 | _c1981 | ||
| 650 |
_912615 _bManagement information system _xMIS |
||
| 942 |
_2ddc _cBK |
||
| 999 |
_c68917 _d68917 |
||